|
|
|
|
| LEADER |
01074nam a2200277 a 4500 |
| 001 |
1580150 |
| 008 |
091217s1994 coua b 001 0 eng d |
| 010 |
|
|
|a 93034904
|
| 020 |
|
|
|a 0813310644 (hardback)
|
| 020 |
|
|
|a 0813310652 (pbk.)
|
| 040 |
|
|
|a DLC
|c DLC
|d DLC
|d BD-DhAAL
|
| 082 |
0 |
0 |
|a 305
|2 20
|
| 245 |
0 |
0 |
|a Social stratification :
|b class, race, and gender in sociological perspective /
|c edited by David B. Grusky.
|
| 260 |
|
|
|a Boulder, Colo. :
|b Westview Press,
|c 1994.
|
| 300 |
|
|
|a xv, 750 p. :
|b ill. ;
|c 24 cm.
|
| 490 |
0 |
|
|a Social inequality series
|
| 504 |
|
|
|a Includes bibliographical references and index.
|
| 541 |
1 |
|
|e 00010286
|
| 650 |
|
0 |
|a Social stratification.
|
| 650 |
|
0 |
|a Equality.
|
| 650 |
|
0 |
|a Social status.
|
| 650 |
|
0 |
|a Social classes.
|
| 700 |
1 |
|
|a Grusky, David B.
|
| 852 |
4 |
|
|a Ayesha Abed Library
|j General shelf
|
| 999 |
|
|
|c 6183
|d 6183
|
| 952 |
|
|
|0 0
|1 0
|2 ddc
|4 0
|6 305_SOC_199400000000000
|7 0
|9 6201
|a BRACUL
|b BRACUL
|c GEN
|d 2009-12-17
|g 0.00
|l 2
|m 11
|o 305 SOC
|p 3010010286
|r 2023-04-30
|s 2023-02-02
|t 1
|w 2009-12-17
|y BK
|x No price found in the accession register.
|